عرض عادي عرض مارك

مدخل Personal Name

عدد التسجيلات المستخدمة في: 0

001 - CONTROL NUMBER

  • control field: 4308

003 - CONTROL NUMBER IDENTIFIER

  • control field: EG-GiCUC

005 - DATE AND TIME OF LATEST TRANSACTION

  • control field: 20240219142544.0

008 - FIXED-LENGTH DATA ELEMENTS

  • fixed length control field: 211216n| acannaabn |b aaa d

040 ## - CATALOGING SOURCE

  • Original cataloging agency: EG-GiCUC
  • Language of cataloging: ara
  • Transcribing agency: EG-GiCUC

100 1# - HEADING--PERSONAL NAME

  • Personal name: الالبانى، محمد ناصر الدين

400 1# - SEE FROM TRACING--PERSONAL NAME

  • Personal name: الالبانى، محمد ناصر الدين

400 1# - SEE FROM TRACING--PERSONAL NAME

  • Personal name: أاباني، محمد ناصر الدين

400 1# - SEE FROM TRACING--PERSONAL NAME

  • Personal name: ألبانى، محمد نصر الدين

400 0# - SEE FROM TRACING--PERSONAL NAME

  • Personal name: محمد ناصر الدين الالبانى

670 ## - SOURCE DATA FOUND

  • Source citation: نصيحة امام السنة، 2011،
  • Information found: ص.ع. )محمد ناصر الدين الالبانى(

700 10 - ESTABLISHED HEADING LINKING ENTRY--PERSONAL NAME

  • Personal name: Alban̄i,̄ Muḥammad Naṣ̄ir al-Din̄

907 ## -

  • : .a10043524
  • : 16-12-21
  • : 16-12-21
  • : -
  • : -

955 ## -

  • : رضا
  • : مدخل
Cairo University Libraries Portal Implemented & Customized by: Eng. M. Mohamady Contacts: new-lib@cl.cu.edu.eg | cnul@cl.cu.edu.eg
CUCL logo CNUL logo
© All rights reserved — Cairo University Libraries
CUCL logo
Implemented & Customized by: Eng. M. Mohamady Contact: new-lib@cl.cu.edu.eg © All rights reserved — New Central Library
CNUL logo
Implemented & Customized by: Eng. M. Mohamady Contact: cnul@cl.cu.edu.eg © All rights reserved — Cairo National University Library